000 01593cam a22003857a 4500
003 CHAP
005 20220329142553.0
008 011130d2001 mx bd r 00110 spa d
010 _a85075
011 _a86047
035 _a96585
040 _cCHAP
090 _aTesis
100 0 0 _aÁvila Nolasco, Didier.
_982464
245 1 0 _aPerspectivas de exportación de jugo de naranja ante la apertura comercial del TLCUE en la región de Martínes de la Torre, Veracruz
_c/por Didier Ávila Nolasco y Rodolfo García Rodríguez
260 _aChapingo, Méx. :
_bEl autor,
_c2001.
300 _a99 h. :
_bgráfs. ; mapa ; cuadros ; diagramas
502 _aTesis (Lic. en Comercio Internacional de Productos Agropecuarios) -- UACH. División de Ciencias Económico-Administrativas
590 _aALEPH
_b10
_c20130110
_lUCH01
_h1444
590 _aBATCH-UPD
_b10
_c20130110
_lUCH01
_h0405
590 _aBATCH-UPD
_b10
_c20130110
_lUCH01
_h1928
590 _aBATCH-UPD
_b10
_c20130410
_lUCH01
_h0038
590 _aBATCH-UPD
_b10
_c20130914
_lUCH01
_h1530
590 _aCONVERSION
_b10
_c20130109
_lUCH01
_h1347
650 1 4 _aJugo de naranja
_xExportación.
_962291
650 1 4 _aJugo de naranja
_xMercadeo.
_962292
650 1 4 _aNaranja
_zVeracruz.
_980199
650 1 4 _aTratado de Libre Comercio México - Unión Europea.
_9114681
700 0 _aGarcía Rodríguez, Rodolfo.
_946540
901 _aBK
905 _aMraco A. Mendoza T.
942 _cFOLL
949 _aTesis
_bBC
_cTES
_d33724000857967
_eTS2
_fc.2
_gDonaciØn
_h38724
_i96585
_si
949 _aTesis
_bBC
_cTES
_d965851
_eTS1
_gDonaciØn
_h38723
_i96585
_sb
999 _c85075
_d85075